1537 1930 1063 1612 1027 1935 1481 1531 1508 1599 1875 1631 1580 1659 1531 1400 1125 1790 1358 1540 1770 1347 1305 1607 1276 1238 1652 1543 1577 1034 1150 1175 1764 1464 1367 1507 1478 1388 1732 1596 1201 1160 1704 1085 1904 1389 1553 1329 1530 1438 1798 1034 1799 1058 1418 1539 1489 1473 1401 1474 1678 1358 1427 1547 1481 1854 1930 1555 1312 1258 1269 1350 1496 1952 1381 1201 1287 1289 1246 1671 1822 1007 1413 1479 1176 1455 1535 1203 1629 1928 1580 1069 1687 1581 1196 1662 1777 1768 1231 BCNSPRNW ULIB Ver.6.0+V

เปลี่ยนเป็นภาษาไทย

Change to English
 แสดงรายละเอียดบรรณานุกรม
  กลับหน้าหลัก

Brief Record : Get Marc (ISO 2709) : E-mail record : QR code < ปิดหน้าต่าง
LEADER : 00000nam 2200000uu 4500
001    13399120837
003     ULIB
008    121018s2549||||th 000 0 tha d
020    ^a9749461622 (ล.1)
020    ^a9789749461624
050  4 ^aBQ336^bต389ค ล.1 2549
100 0  ^aนัท ฮันห์,^cติช
245 10 ^aคือเมฆสีขาว ทางก้าวเก่าแก่ เล่ม1/^cติช นัท ฮันห์, เขียน ; รสนา โตสิตระกูล, สันติสุข โสภณสิริ, แปล
250    ^aพิมพ์ครั้งที่ 4
260    ^aกรุงเทพฯ :^bมูลนิธิโกมลคีมทอง,^c2549
300    ^a3 เล่ม :^bภาพประกอบ ;^c21 ซม.
650  7 ^aพระพุทธเจ้า
700 0  ^aรสนา โตสิตระกูล,^eผู้แปล
700 0  ^aสันติสุข โสภณสิริ,^eผู้แปล
945    ^p160^l0^i15408
995    ^aกัณชพร
999 ^a ใช้งานได้ทุกระบบ
รายการนี้ยังไม่มีแท็ก
คุณยังไม่ได้ล็อกอิน คุณสามารถมีกิจกรรมร่วมกับเว็บไซต์ได้ แต่ต้องล็อกอินก่อน ::
  ล็อกอิน

รายการสื่อสารสนเทศ

ลำดับที่ ประเภท เลขเรียก/บาร์โค้ด สถานที่ สถานะ
1. วิทยาศาสตร์การแพทย์ และสุขภาพ
วิทยาศาสตร์การแพทย์ และสุขภาพ
BQ336 ต389ค ล.1 2549  
  Barcode: 15408
ห้องสมุดวิทยาเขตสวรรค์ประชารักษ์
►หนังสือทั่วไป
บนชั้น

รายการใกล้เคียง
    หัวเรื่อง [พระพุทธเจ้า]

BibComment


ยังไม่เคยถูกคอมเมนท์

คอมเมนท์ทรัพยากรรายการนี้
  คอมเมนท์: คือเมฆสีขาว ทางก..


 Copyright 2026. Bcnsprnw @Library